[Event "ch-ISL (team)"]
[Site "Reykjavik ISL"]
[Date "2000.03.24"]
[Round "?"]
[White "Bjarnason,S"]
[Black "Ulfarsson,M"]
[Result "1/2-1/2"]
[WhiteElo "2305"]
[BlackElo "2290"]

1.Nf3 d5 2.c4 Nf6 3.cxd5 Nxd5 4.e4 Nf6 5.Nc3 c5 6.d4 cxd4 7.Nxd4 e5 8.Ndb5 Qxd1+
9.Kxd1 Na6 10.Bc4 Bc5 11.Ke2 Be6 12.Bxe6 fxe6 13.Be3 O-O 14.f3 Bxe3 15.Kxe3 Nb4
16.Rac1 Rad8 17.Rhd1 a6 18.Nd6 b5 19.Nb7 Rxd1 20.Rxd1 Nc2+ 21.Kd3 Nd4 22.Ne2 Nh5
23.Ke3 Rb8 24.Nc5 Rc8 25.Rc1 Nxe2 26.Kxe2 Nf4+ 27.Kf1 a5 28.g3 Ng6 29.Ke2 Ne7
30.Rc3 b4 31.Rc1 Nc6 32.Ke3 Na7 33.Nb3 Rxc1 34.Nxc1 Kf7 35.Kd3 Ke7 36.Kc4 Kd6
37.Nb3 a4 38.Nd2 Nc6 39.Kb5 a3 40.b3 g5 41.h4 gxh4 42.gxh4 h5 43.Nc4+ Kc7
44.Kc5 Kd7 45.Ne3 Nd4 46.Kxb4 Nxf3 47.Ng2 Nd2 48.Kxa3 Nxe4 49.Kb4 Kc6 50.Kc4 Nd6+
51.Kd3 Kc5 52.a3 e4+ 53.Ke3 e5 54.Kd2 Nf5 55.Kc3 Kd5 56.b4 e3 57.Kd3 e4+
58.Kc3 e2 59.Nf4+ Ke5 60.Nxe2 Nxh4 61.Ng3 Kf4 62.Nxh5+ Kf3 63.Ng7 e3 64.Ne6 Nf5
65.Nc5 e2 66.Nd3 Ke3 67.a4 Ne7 68.Ne1 Nd5+ 69.Kc4 Nf4 70.a5 Kf2 71.Nc2 Ng2
72.a6 Ne3+ 73.Kb3 Nxc2 74.a7 e1=Q 75.a8=Q Nd4+ 76.Kc4 Nf3 77.Qf8 Qe4+  1/2-1/2

[Event "AB Puchko Mem"]
[Site "Alushta UKR"]
[Date "2000.03.31"]
[Round "13"]
[White "Sulypa,A"]
[Black "Kozakov,M"]
[Result "1/2-1/2"]
[WhiteElo "2449"]
[BlackElo "2426"]

1.Nf3 d5 2.c4 d4 3.e3 c5 4.exd4 cxd4 5.g3 g6 6.Bg2 Bg7 7.d3 Nc6 8.O-O e5
9.Re1 Nge7 10.b4 Nxb4 11.Qe2 O-O  1/2-1/2

[Event "19th Open"]
[Site "Reykjavik ISL"]
[Date "2000.04.06"]
[Round "2"]
[White "Thorsteinsson,E"]
[Black "Naes,F"]
[Result "1-0"]
[WhiteElo "2160"]
[BlackElo "2257"]

1.Nf3 d5 2.c4 e6 3.e3 Nf6 4.b3 c5 5.Bb2 Nc6 6.Be2 Be7 7.O-O O-O 8.d4 a6 9.cxd5 exd5
10.Nbd2 Ne4 11.dxc5 Bxc5 12.Nd4 Nxd4 13.exd4 Nxd2 14.Qxd2 Bd6 15.f4 Bf5 16.Bf3 Bc7
17.Rac1 Ba5 18.Qf2 Re8 19.Bxd5 Qxd5 20.Rc5 Qe6 21.Rxa5 b5 22.d5 Qxd5 23.Qg3 f6
24.Bxf6 g6 25.Be5 Rec8 26.h4 Rc2 27.Kh2 Be4 28.Rg1 Qd2 29.Qg5 Rd8 30.Rxa6 Bf5
31.Qf6 Qd7 32.Rd6 Qxd6 33.Qg7+  1-0

[Event "Open"]
[Site "Dos Hermanas ESP"]
[Date "2000.04.08"]
[Round "2"]
[White "Schmidt,JP"]
[Black "Korneev,O"]
[Result "0-1"]
[WhiteElo "2324"]
[BlackElo "2619"]

1.Nf3 d5 2.c4 d4 3.g3 g6 4.Bg2 Bg7 5.d3 e5 6.O-O Ne7 7.e3 dxe3 8.fxe3 O-O
9.Nc3 Nbc6 10.a3 h6 11.Qc2 Be6 12.b4 a6 13.Bb2 f5 14.Rfe1 g5 15.Rad1 Ng6
16.d4 Bxc4 17.dxe5 Qe8 18.Nd4 Nge7 19.Na4 b5 20.Nc5 Nxd4 21.exd4 Nd5 22.e6 Rf6
23.Re5 c6 24.Rde1 f4 25.Nd7 Qe7 26.Nxf6+ Bxf6 27.Qg6+ Qg7 28.Qxg7+ Kxg7 29.R5e4 Bd3
30.Re5 Bxe5 31.Rxe5 fxg3 32.hxg3 Kf6 33.Bxd5 cxd5 34.Rxd5 Kxe6 35.Re5+ Kd6
36.Kf2 Rf8+ 37.Kg2 Bf1+ 38.Kg1 Bc4 39.Re1 Rf3 40.Kg2 Bd5 41.Kh3 Rf2 42.Bc1 h5
43.Bxg5 Be6+ 44.g4 hxg4+ 45.Kg3 Rf3+ 46.Kh2 g3+ 47.Kg2 Bd5 48.Kg1 Rxa3 49.Bf4+ Kd7
50.Be5 a5 51.bxa5 b4 52.Rb1 b3 53.Bxg3 Be4 54.Rb2 Ra1+ 55.Be1 Rxe1+ 56.Kf2 Rb1  0-1

[Event "53rd ch-YUG (women)"]
[Site "Herceg Novi YUG"]
[Date "2000.04.12"]
[Round "4"]
[White "Todorovic,V"]
[Black "Savic,Ma"]
[Result "1-0"]
[WhiteElo "2151"]
[BlackElo "2016"]

1.Nf3 d5 2.c4 dxc4 3.e3 Nf6 4.Bxc4 e6 5.O-O c5 6.Qe2 a6 7.Bb3 Nc6 8.Rd1 b5
9.a4 c4 10.axb5 cxb3 11.bxc6 Qb6 12.Qc4 Bd6 13.Nc3 O-O 14.d4 a5 15.e4 Ba6
16.Qa4 Bb4 17.Qxb3 Qxc6 18.Ne5 Qd6 19.f3 Rac8 20.Be3 Nd7 21.Na2 Nxe5 22.dxe5 Qe7
23.Nxb4 Bc4 24.Nc6 Rxc6 25.Qa4 Qb7 26.Rd2 h6 27.h3 Rfc8 28.Qa3 Bb5 29.Rad1 a4
30.Rd8+ Kh7 31.R8d7 R6c7 32.R7d6 Be8 33.Rd8 Rxd8 34.Rxd8 Rc8 35.Rd6 Qb5 36.Rd2 Rc1+
37.Kh2 Qf1 38.Qd6 h5 39.Qd8 Qh1+ 40.Kg3 f6 41.exf6 Bf7 42.fxg7  1-0

[Event "Val Zemitis IM"]
[Site "San Francisco USA"]
[Date "2000.04.12"]
[Round "9"]
[White "Altounian,L"]
[Black "Akopyan,H"]
[Result "1-0"]
[WhiteElo "2438"]
[BlackElo "2274"]

1.Nf3 d5 2.c4 d4 3.e3 c5 4.exd4 cxd4 5.g3 Nc6 6.Bg2 e5 7.O-O f6 8.Re1 Bg4
9.d3 Bd6 10.a3 a5 11.Nbd2 Nge7 12.Rb1 O-O 13.Ne4 a4 14.b4 axb3 15.Qxb3 Na5
16.Qb2 Nec6 17.Bd2 Be7 18.Bb4 Nxb4 19.axb4 Nc6 20.b5 Nb4 21.c5 Nd5 22.Nfd2 f5
23.Nd6 Nc3 24.Qb3+ Kh8 25.Nf7+ Rxf7 26.Qxf7 Nxb1 27.Rxb1 Bxc5 28.f3 Qg5 29.Nc4 Bh5
30.Qxb7 Re8 31.Qc6 Qe7 32.Re1 e4 33.fxe4 Bb4 34.Rb1 Bg6 35.b6 fxe4 36.Bxe4 Bxe4
37.Qxe4 Qd7 38.Ne5 Qe7 39.Rxb4  1-0

[Event "53rd ch-YUG (women)"]
[Site "Herceg Novi YUG"]
[Date "2000.04.14"]
[Round "6"]
[White "Todorovic,V"]
[Black "Boskovic,Ma"]
[Result "1-0"]
[WhiteElo "2151"]
[BlackElo "2050"]

1.Nf3 d5 2.c4 e6 3.g3 c6 4.Bg2 f5 5.O-O Nf6 6.d3 Bd6 7.Nc3 O-O 8.e4 Bb4 9.cxd5 exd5
10.exd5 Bxc3 11.bxc3 Nxd5 12.Qb3 Nd7 13.c4 N5f6 14.a4 h6 15.Ba3 Re8 16.Rfe1 c5
17.d4 Ne4 18.dxc5 Ndxc5 19.Bxc5 Nxc5 20.Qb5 Rxe1+ 21.Rxe1 Ne4 22.Nh4 a6 23.Qe5 Qd2
24.Qe8+ Kh7 25.Rxe4 Bd7 26.Qg6+ Kh8 27.Re7 Rg8 28.Bd5 Qd1+ 29.Kg2 Bc6 30.Qxf5  1-0

[Event "XXXI Open"]
[Site "Mar del Plata ARG"]
[Date "2000.04.16"]
[Round "2"]
[White "Szmetan,J"]
[Black "Benko,F"]
[Result "1-0"]
[WhiteElo "2401"]
[BlackElo "2145"]

1.Nf3 d5 2.c4 e6 3.b3 Nf6 4.g3 b6 5.Bg2 Bb7 6.O-O Nbd7 7.Bb2 dxc4 8.bxc4 Be7
9.d4 O-O 10.Nc3 c5 11.d5 exd5 12.cxd5 Ne8 13.e4 Bf6 14.Qc2 Nd6 15.Nd2 Re8
16.f4 Bd4+ 17.Kh1 f6 18.Rfe1 Kh8 19.Rad1 Rc8 20.Nf3 Nc4 21.Nxd4 cxd4 22.Rxd4 Nxb2
23.Qxb2 Qc7 24.Nb5 Qb8 25.d6 Rc5 26.Nc7 Rc8 27.Rd2 Bc6 28.e5 Bxg2+ 29.Kxg2 Qb7+
30.Kg1 fxe5 31.fxe5 Qc6 32.e6 Re5 33.Rc1 Rc5 34.Rxc5 Qxc5+ 35.Qd4  1-0

[Event "12th Open"]
[Site "Lenk SUI"]
[Date "2000.04.22"]
[Round "4"]
[White "Ginsburg,M"]
[Black "Lustenberger,D"]
[Result "1-0"]
[WhiteElo "2402"]
[BlackElo "2277"]

1.Nf3 d5 2.c4 c6 3.d4 Nf6 4.Qc2 g6 5.Nbd2 Bg7 6.e4 Nxe4 7.Nxe4 dxe4 8.Qxe4 Qb6
9.Be2 Qb4+ 10.Bd2 Qxb2 11.O-O Bf5 12.Qe3 h5 13.Bc3 Qc2 14.Nh4 Bg4 15.Rfe1 Bh6
16.Qe5 f6 17.Bd3 Qxf2+ 18.Kxf2 fxe5 19.Nxg6 Rg8 20.h3 Bd7 21.Rxe5 e6 22.Rxh5 Bg7
23.Rb1 c5 24.Rxc5 Nc6 25.Rxb7 Nxd4 26.Rcc7 Rd8 27.Ke3 e5 28.Bxd4 exd4+ 29.Kd2 a5
30.c5 Bh6+ 31.Ke2 Bg5 32.c6  1-0

[Event "XVIII Open"]
[Site "Metz FRA"]
[Date "2000.04.22"]
[Round "8"]
[White "Giffard,N"]
[Black "Caoili,A"]
[Result "1-0"]
[WhiteElo "2364"]
[BlackElo "2078"]

1.Nf3 d5 2.c4 c6 3.d4 Nf6 4.e3 e6 5.Nbd2 Bd6 6.Be2 O-O 7.O-O b6 8.b3 Bb7
9.Qc2 Qe7 10.Bb2 c5 11.dxc5 bxc5 12.h3 Nc6 13.a3 Rfd8 14.Rfe1 h6 15.cxd5 exd5
16.Nh4 Be5 17.Nf5 Qe6 18.Bxe5 Nxe5 19.f4 Ned7 20.Bf3 Re8 21.Rac1 Rac8 22.Qb1 Nb6
23.g4 a5 24.Qb2 Kh7 25.Bg2 Rg8 26.Qe5 Rce8 27.Nd6 Re7 28.Qxe6 fxe6 29.Rxc5 a4
30.Rb5  1-0

[Event "Open"]
[Site "Crans Montana SUI"]
[Date "2000.04.28"]
[Round "2"]
[White "Prang,E"]
[Black "Riand,J"]
[Result "1-0"]
[WhiteElo "2242"]
[BlackElo "2112"]

1.Nf3 d5 2.c4 c6 3.g3 Nf6 4.Bg2 Bf5 5.cxd5 cxd5 6.Qb3 Qc8 7.Nc3 e6 8.d3 Nc6
9.Bf4 Qd7 10.O-O Be7 11.Rac1 O-O 12.e4 dxe4 13.dxe4 Nxe4 14.Rfd1 Qe8 15.Nb5 Rd8
16.Nfd4 Nxd4 17.Nxd4 Nc5 18.Qe3 Bg4 19.f3 Bh5 20.Bf1 Qa4 21.a3 a6 22.b4 Rxd4
23.Qxd4 Nb3 24.Qd7 Qxd7 25.Rxd7 Nxc1 26.Rxe7 Nb3 27.g4 Bg6 28.Rxb7 Nd4 29.Kf2 h5
30.Bxa6 hxg4 31.fxg4 Be4 32.Rb8 Rxb8 33.Bxb8 Bc6 34.Bd3 f6 35.Bf4 Kf7 36.Be3 Nf3
37.b5 Ne5 38.bxc6 Nxc6 39.Bc5 g5 40.Ke3 Ne5 41.h3 Ke8 42.Bb5+ Kd8 43.Bd4  1-0

[Event "Open"]
[Site "Dubai UAE"]
[Date "2000.05.05"]
[Round "7"]
[White "Sharif,Me"]
[Black "Mamedova,R"]
[Result "1/2-1/2"]
[WhiteElo "2491"]
[BlackElo "2323"]

1.Nf3 d5 2.c4 d4 3.g3 Nc6 4.Bg2 e5 5.d3 Bd6 6.O-O Nge7 7.Na3 O-O 8.Nc2 f6
9.a3 a5 10.b3 Bg4 11.h3 Be6 12.Bd2 Qd7 13.h4 Bh3 14.b4 Bxg2 15.Kxg2 b6 16.Qb1 Ng6
17.Qb3 Kh8 18.h5 Nge7 19.Rh1 Ra7 20.c5 bxc5 21.b5 Nd8 22.a4 Nc8 23.Nh4 Qf7
24.Qxf7 Rxf7 25.Na3 Nb6 26.Rhc1 Nb7 27.Nc4 Kg8 28.Nf5 Bf8 29.e4 Rd7 30.f4 g6
31.hxg6 hxg6 32.Nh4 Nxc4 33.Rxc4 Nd6 34.Rxc5 Nxe4 35.Rc2 Nc5 36.fxe5 fxe5
37.Nxg6 Nxd3 38.Nxf8 Kxf8 39.Kf3 Re7 40.Bh6+ Ke8 41.Ke4 Nb4 42.Rc5 c6 43.bxc6 Rac7
44.Rac1 Na2 45.Rf1 Re6 46.Rxe5 Rxc6 47.Bd2 Nc3+ 48.Kf5 Rxe5+ 49.Kxe5 Nxa4
50.Kxd4 Rd6+ 51.Ke3 Nb6 52.Rc1  1/2-1/2

[Event "VI Leonardo Di Bona"]
[Site "Cutro ITA"]
[Date "2000.05.06"]
[Round "10"]
[White "Ristic,Nen"]
[Black "Miladinovic,I"]
[Result "1/2-1/2"]
[WhiteElo "2435"]
[BlackElo "2538"]

1.Nf3 d5 2.c4 d4 3.g3 g6 4.Bg2 Bg7 5.O-O e5 6.d3 Ne7 7.Na3 O-O 8.Nc2 a5 9.b3 h6
10.Rb1 c6 11.a3 Na6 12.b4 axb4 13.axb4 Nc7 14.e3 dxe3 15.Bxe3 Ne6 16.d4 exd4
17.Ncxd4 Nxd4 18.Bxd4  1/2-1/2

[Event "Japfa Open"]
[Site "Bali INA"]
[Date "2000.05.08"]
[Round "6"]
[White "Rogers,I"]
[Black "Barus,C"]
[Result "1/2-1/2"]
[WhiteElo "2562"]
[BlackElo "2445"]

1.Nf3 d5 2.c4 c6 3.d4 Nf6 4.Nc3 a6 5.c5 Bf5 6.Qb3 Qc8 7.Bf4 Nbd7 8.h3 h6
9.e3 e6 10.Be2 Be7 11.O-O O-O 12.Rfc1 Bd8 13.Na4 Re8 14.Bd3 Bxd3 15.Qxd3 Bc7
16.Ne5 Nxe5 17.Bxe5 Nd7 18.Bxc7 Qxc7 19.b4 e5 20.Nc3 Nf6 21.a4 exd4 22.exd4 Ne4
23.Re1 Nxc3 24.Qxc3 Qf4 25.Re3 Kf8 26.Rb1 Qf5 27.Rbe1 Qd7 28.Qd3 Rxe3 29.Rxe3 Re8
30.Rxe8+ Qxe8 31.Kf1 Kg8 32.Qf5 Qd8 33.g3 Qe8 34.h4 g6 35.Qg4 Kg7 36.Qe2 Qxe2+
37.Kxe2 g5 38.hxg5 hxg5 39.g4  1/2-1/2

[Event "Capablanca Mem Mixto"]
[Site "Varadero CUB"]
[Date "2000.05.08"]
[Round "2"]
[White "Pazos,P"]
[Black "Delgado Crespo,M"]
[Result "1/2-1/2"]
[WhiteElo "2344"]
[BlackElo "2268"]

1.Nf3 d5 2.c4 c6 3.b3 Nf6 4.Bb2 Bf5 5.g3 e6 6.Bg2 h6 7.O-O Be7 8.d3 O-O 9.Nbd2 a5
10.a3 Na6 11.Qc2 Bh7 12.h3 Re8 13.Rfe1 Bf8 14.Bc3 Nd7 15.e4 Ndc5 16.Bf1 dxe4
17.Nxe4 Nxe4 18.dxe4 Nc5 19.Rab1 f5 20.Nd2 Nxe4 21.Nxe4 fxe4 22.Rbd1 Qc7
23.Qb2 Bc5 24.Bd4 Bxd4 25.Rxd4 e5 26.Rd2 Rad8 27.Red1 Rd4 28.Rxd4 exd4 29.Qxd4 e3
30.Re1 Re4 31.Qb2 exf2+ 32.Qxf2 Rxe1 33.Qxe1 Bc2 34.b4 axb4 35.axb4  1/2-1/2

[Event "Cat IV Women"]
[Site "Banja Dvorovi YUG"]
[Date "2000.05.11"]
[Round "5"]
[White "Todorovic,V"]
[Black "Ionescu Brandis,I"]
[Result "1/2-1/2"]
[WhiteElo "2151"]
[BlackElo "2291"]

1.Nf3 d5 2.c4 c6 3.e3 Nf6 4.Nc3 a6 5.Qc2 g6 6.h3 Bg7 7.d4 O-O 8.Bd3 Nbd7
9.O-O dxc4 10.Bxc4 b5 11.Be2 Qc7 12.e4 e5 13.dxe5 Nxe5 14.Nxe5 Qxe5 15.Be3 Qe7
16.a3 Re8 17.Rfd1 Bb7 18.Bf3 Nd7 19.Be2 Rad8 20.Rac1 h5 21.Rd2 Nf8 22.Rcd1 Ne6
23.Bb6 Rxd2 24.Qxd2 Be5 25.Qd7 Qxd7 26.Rxd7 Bc8 27.Rd1 Nf4 28.Bf1 Ne6 29.g3 c5
30.Rd5 Bd4 31.Bg2 Re7 32.Nd1 Bb7 33.Rd6 h4 34.Bd8 Nxd8 35.Rxd8+ Kg7 36.gxh4 Bxe4
37.b4 Bc2 38.Ne3 Bxe3 39.fxe3 c4 40.Kf2 Bf5 41.Ke2 c3 42.Rd6 Rc7 43.Rc6 Rxc6
44.Bxc6 Kf6 45.Bb7 Ke5 46.Bxa6 Bxh3 47.Kd3 Kd6 48.Bb7 Bd7 49.Kxc3 Ke5 50.Bf3 f6
51.Be2 Be8 52.Bd3 Kd5 53.Kd2 Ke5 54.Ke1 Kd5 55.Kf2 Kd6 56.Kf3 Ke5 57.Kg3 f5
58.Kf3 Bd7 59.Kf2 Bc6 60.Kg3 Bd7 61.Bc2 Bc6 62.Bb3 Be8 63.Kf3 Bc6+ 64.Ke2 Bd7
65.Kd3 Be8 66.Bd1 Bc6 67.Be2 Bd5 68.Kc3 Bc6 69.a4 bxa4 70.b5 Bxb5 71.Bxb5 f4
72.exf4+ Kxf4 73.Bd3 Kg4  1/2-1/2

[Event "Cat IV Women"]
[Site "Banja Dvorovi YUG"]
[Date "2000.05.13"]
[Round "7"]
[White "Todorovic,V"]
[Black "Nestorovic,I"]
[Result "1-0"]
[WhiteElo "2151"]
[BlackElo "2111"]

1.Nf3 d5 2.c4 c6 3.e3 Nf6 4.Nc3 e6 5.Qc2 Nbd7 6.b3 Bd6 7.Be2 O-O 8.O-O e5
9.cxd5 Nxd5 10.Bb2 Nxc3 11.Bxc3 Qe7 12.d4 e4 13.Nd2 f5 14.Nc4 Bc7 15.f4 Nf6
16.Bb2 Nd5 17.Ba3 Nb4 18.Qd2 a5 19.Ne5 Be6 20.Rac1 Rfd8 21.Qb2 Bd6 22.Bc4 Bd5
23.Bxd5+ Nxd5 24.Bxd6 Qxd6 25.Qd2 Qb4 26.Qf2 a4 27.Rb1 Qc3 28.Rfe1 Ra6 29.bxa4 Rb6
30.Qh4 Rf8 31.Rbc1 Qa3 32.Nc4 Qxa2 33.Nxb6 Nxb6 34.Rb1 Nd5 35.Rxb7 Qd2 36.Qf2 Qa5
37.Ra1 Qc3 38.Re1 Ra8 39.Qg3 g6 40.Reb1 Qa5 41.Qh4  1-0

[Event "ch-RUS Women"]
[Site "Elista RUS"]
[Date "2000.05.13"]
[Round "3"]
[White "Timurova,L"]
[Black "Shadrina,T"]
[Result "0-1"]
[WhiteElo "2114"]
[BlackElo "2348"]

1.Nf3 d5 2.c4 d4 3.e3 c5 4.b4 dxe3 5.fxe3 cxb4 6.d4 g6 7.Bd3 Bg7 8.O-O Nh6
9.Bb2 O-O 10.Qe2 Bf5 11.e4 Bg4 12.Nbd2 Nc6 13.e5 f6 14.h3 Bxf3 15.Nxf3 fxe5
16.dxe5 Qb6+ 17.Kh2 Nf5 18.Qe4 Rad8 19.Rae1 Bh6 20.g4 Ne3 21.Rg1 Rxd3 22.Qxd3 Rxf3
23.Rxe3 Qxe3 24.Qd5+ Kf8 25.Bc1 Bf4+ 26.Kh1 Rxh3+ 27.Kg2 Rg3+  0-1

[Event "Capablanca Mem Mixto"]
[Site "Varadero CUB"]
[Date "2000.05.13"]
[Round "6"]
[White "Ramon,V"]
[Black "Delgado Crespo,M"]
[Result "1-0"]
[WhiteElo "2267"]
[BlackElo "2268"]

1.Nf3 d5 2.c4 c6 3.b3 Nf6 4.Bb2 Bf5 5.g3 e6 6.Bg2 h6 7.O-O Be7 8.d3 O-O 9.Nbd2 a5
10.a3 Na6 11.Qc2 Bh7 12.Bc3 Nd7 13.Qb2 Bf6 14.b4 Bxc3 15.Qxc3 axb4 16.axb4 Qf6
17.Qxf6 gxf6 18.Rfb1 Nc7 19.Nd4 Nb6 20.c5 Nd7 21.N2b3 e5 22.Bh3 Rxa1 23.Rxa1 Nb8
24.Nf5 Bxf5 25.Bxf5 Nba6 26.Na5 Nxb4 27.Nxb7 Rb8 28.Nd6 Nb5 29.Bg4 Nxd6 30.cxd6 Rd8
31.d7 Kf8 32.Rb1 Nc2 33.e3 Ke7 34.Rb3 Ra8 35.Kg2 Kd8 36.Kh3 Kc7 37.Kh4 Na3
38.Kh5 Nb5 39.Kxh6 Rh8+ 40.Kg7 Rxh2 41.Kxf7 f5 42.Bxf5 Nd6+ 43.Ke6 e4 44.d8=Q+  1-0

[Event "Open"]
[Site "Pula CRO"]
[Date "2000.05.21"]
[Round "6"]
[White "Bistric,F"]
[Black "Potocnik,P"]
[Result "1-0"]
[WhiteElo "2474"]
[BlackElo "2272"]

1.Nf3 d5 2.c4 e6 3.b3 c5 4.g3 Nc6 5.Bg2 Nf6 6.O-O Be7 7.e3 O-O 8.Bb2 d4 9.exd4 cxd4
10.Re1 Ne8 11.d3 f6 12.Nh4 f5 13.Nf3 Bf6 14.Na3 e5 15.Nc2 a5 16.a3 Nc7 17.Rb1 Be6
18.b4 e4 19.dxe4 d3 20.e5 dxc2 21.Qxc2 Be7 22.b5 Nb8 23.Nd4 Bc8 24.e6 Bc5
25.Rbd1 Bxd4 26.e7  1-0

[Event "Open"]
[Site "Pula CRO"]
[Date "2000.05.24"]
[Round "9"]
[White "Loncar,R"]
[Black "Macek,V"]
[Result "1/2-1/2"]
[WhiteElo "2406"]
[BlackElo "2244"]

1.Nf3 d5 2.c4 c6 3.d4 Nf6 4.Nc3 a6 5.Qb3 e6 6.Bg5 Be7 7.e3 O-O 8.cxd5 cxd5
9.Bd3 Nbd7 10.O-O b5 11.Rfc1 Bb7 12.a4 b4 13.Nb1 a5 14.Nbd2 Qb6 15.Ne5 Bd6
16.f4 h6 17.Bh4 Bxe5 18.fxe5 Ne4 19.Nxe4 dxe4 20.Bb5 Bd5 21.Qc2 Qb7 22.Bc6 Bxc6
23.Qxc6 Qxc6 24.Rxc6 g5 25.Bf2 Rfc8 26.Rac1 Rxc6 27.Rxc6 Kf8 28.h4 Ra7 29.hxg5 hxg5
30.Kh2 Kg7 31.Kh3 Kg6 32.Bg3 Kf5 33.Bh2 g4+ 34.Kh4 f6 35.Rc1 Kg6 36.Kxg4 f5+
37.Kg3 Nb6 38.Rc6 Nxa4 39.Rxe6+ Kg7 40.b3 Nc3 41.Rd6 a4 42.bxa4 Nxa4  1/2-1/2

[Event "Open A"]
[Site "Lido Estensi ITA"]
[Date "2000.06.04"]
[Round "9"]
[White "Genocchio,D"]
[Black "Godena,M"]
[Result "0-1"]
[WhiteElo "2245"]
[BlackElo "2487"]

1.Nf3 d5 2.c4 e6 3.b3 Be7 4.Bb2 Nf6 5.g3 O-O 6.Bg2 b6 7.O-O Bb7 8.e3 Nbd7
9.Nc3 c5 10.d3 Qc7 11.Rc1 Rad8 12.Qe2 dxc4 13.bxc4 Bxf3 14.Bxf3 Ne5 15.Rfd1 Nxf3+
16.Qxf3 Rd7 17.Rc2 Rfd8 18.e4 Ne8 19.Qe2 Qc6 20.Bc1 Nc7 21.Rb2 f5 22.h4 Bf6
23.e5 Be7 24.Bf4 Qa8 25.Kh2 Na6 26.Nb5 Nb4 27.Nd6 Nc6 28.Nb5 a6 29.Nc3 Nd4
30.Qe3 Qc6 31.Kh3 b5 32.cxb5 axb5 33.Rbb1 h6 34.h5 b4 35.Ne2 Qa6 36.Ng1 Qxa2
37.Kg2 Qd5+ 38.f3 Kh7 39.Rb2 Ra8 40.Rdd2 Ra3 41.Qf2 Ra8 42.Ne2 Nxe2  0-1

[Event "IHEM"]
[Site "Hamburg GER"]
[Date "2000.06.10"]
[Round "1"]
[White "Lindinger,M"]
[Black "Mueller,Ka"]
[Result "1/2-1/2"]
[WhiteElo "2316"]
[BlackElo "2527"]

1.Nf3 d5 2.c4 e6 3.g3 dxc4 4.Qa4+ Nd7 5.Bg2 a6 6.Qxc4 Ngf6 7.O-O b5 8.Qc2 Bb7
9.a4 c5 10.d4 Rc8 11.axb5 axb5 12.dxc5 Bxc5 13.Qd3 Qb6 14.Nc3 Bc6 15.Ng5 Bxg2
16.Kxg2 b4 17.Na4 Qb7+ 18.Qf3 Qxf3+ 19.Nxf3 Bd6 20.Bd2  1/2-1/2

[Event "IV Pablo Gorbea Mem Open"]
[Site "Madrid ESP"]
[Date "2000.06.14"]
[Round "5"]
[White "Schmidt,JP"]
[Black "Pinel,M"]
[Result "1-0"]
[WhiteElo "2324"]
[BlackElo "2110"]

1.Nf3 d5 2.c4 c6 3.d4 e6 4.Nbd2 Nd7 5.e4 dxe4 6.Nxe4 Ngf6 7.Bd3 Nxe4 8.Bxe4 Nf6
9.Bc2 Bb4+ 10.Bd2 Qa5 11.O-O Bxd2 12.Nxd2 O-O 13.c5 g6 14.Re1 Kg7 15.Nc4 Qc7
16.Qd2 b6 17.Rad1 Ba6 18.Nd6 Ne8 19.Ne4 Bc4 20.h4 Bd5 21.h5 Bxe4 22.Rxe4 Nf6
23.Rh4 Ng8 24.Qc3 f6 25.hxg6 h6 26.Re4 Rfe8 27.Rde1 Qd7 28.Bb3 Re7 29.Bxe6 Qd8
30.Qb3  1-0

[Event "11th Open"]
[Site "Ljubljana SLO"]
[Date "2000.06.19"]
[Round "3"]
[White "Vukanovic,S"]
[Black "Kozamernik,J"]
[Result "1-0"]
[WhiteElo "2388"]
[BlackElo "2136"]

1.Nf3 d5 2.c4 c6 3.d4 Nf6 4.Qb3 dxc4 5.Qxc4 Bf5 6.g3 Nbd7 7.Nc3 Ne4 8.Bg2 Ndf6
9.Ne5 Nd6 10.Qa4 Bd7 11.O-O g6 12.Nxd7 Nxd7 13.d5 c5 14.Bf4 Bg7 15.Bh3 f5
16.Nb5 O-O 17.Nxd6 exd6 18.e4 Ne5 19.exf5 gxf5 20.Bxe5 Bxe5 21.Rab1 f4 22.Qe4 Qg5
23.b4 b6 24.bxc5 dxc5 25.Rb3 fxg3 26.hxg3 Rf4 27.Qg2 Ra4 28.d6 Rd8 29.d7 Rxa2
30.Qd5+ Kg7 31.Re3 Bf4 32.Qxa2 Bxe3 33.fxe3 Qxg3+ 34.Qg2 Qxg2+ 35.Kxg2 b5  1-0

[Event "11th Open"]
[Site "Ljubljana SLO"]
[Date "2000.06.21"]
[Round "5"]
[White "Vukanovic,S"]
[Black "Timoscenko,G"]
[Result "0-1"]
[WhiteElo "2388"]
[BlackElo "2519"]

1.Nf3 d5 2.c4 d4 3.b4 g6 4.g3 Bg7 5.d3 e5 6.Nbd2 Qe7 7.Bg2 Qxb4 8.O-O Qe7
9.a4 Nf6 10.Ba3 c5 11.Nb3 Na6 12.Rb1 O-O 13.Nfd2 Qc7 14.Na1 Rb8 15.Rb5 Bd7
16.Qc2 Rfc8 17.Nab3 b6 18.Ra1 Qd8 19.Nc1 Nc7 20.Rb2 a5 21.Rb5 Nxb5 22.axb5 Bf5
23.Ncb3 Qd7 24.Bc1 Bh3 25.Bh1 Ng4 26.Ne4 h6 27.Ba3 f5 28.Nexc5 bxc5 29.Nxc5 Qe8
30.Qa4 e4 31.Ra2 Rxc5 32.Bxc5 exd3 33.Qd1 Nxf2  0-1

[Event "zt 1.4"]
[Site "Budapest HUN"]
[Date "2000.06.22"]
[Round "6"]
[White "Polak,T"]
[Black "Acs,P"]
[Result "1/2-1/2"]
[WhiteElo "2503"]
[BlackElo "2542"]

1.Nf3 d5 2.c4 c6 3.e3 Nf6 4.Nc3 a6 5.h3 e6 6.Qc2 Nbd7 7.d4 Bd6 8.b3 O-O 9.Bb2 e5
10.cxd5 cxd5 11.dxe5 Nxe5 12.Nxe5 Bxe5 13.Bd3 Bd7 14.Ne2 Rc8 15.Qd2 Bxb2
16.Qxb2 Ne4 17.O-O Qg5 18.Kh2 Nc5 19.Rfd1 Ne6 20.Rac1 Bc6 21.Nd4 Qe5+ 22.Kg1 Nxd4
23.Qxd4 Qxd4 24.exd4 f6 25.f3 g6 26.Kf2 Kf7 27.h4 Bd7 28.Ke3  1/2-1/2

[Event "11th Open"]
[Site "Ljubljana SLO"]
[Date "2000.06.23"]
[Round "7"]
[White "Vukanovic,S"]
[Black "Nikolov,S"]
[Result "1-0"]
[WhiteElo "2388"]
[BlackElo "2376"]

1.Nf3 d5 2.c4 e6 3.g3 Nf6 4.Bg2 Be7 5.O-O O-O 6.d4 Nbd7 7.Qc2 c6 8.b3 b6
9.Rd1 Bb7 10.Nc3 Rc8 11.e4 Ba8 12.e5 Ne8 13.h4 h6 14.Bf4 Nc7 15.Qe2 Re8 16.a3 Nf8
17.h5 Nh7 18.b4 dxc4 19.Qxc4 Nd5 20.Nxd5 cxd5 21.Qa6 Qd7 22.Rdc1 Ng5 23.Nxg5 hxg5
24.Be3 Bc6 25.Bf1 Ba4 26.Bd3 b5 27.Rab1 Kf8 28.Rc5 Bxc5 29.bxc5 Qc6 30.Qa5 f6
31.exf6 gxf6 32.Qxa7 Qc7 33.Qa6 Ra8 34.Qd6+ Qxd6 35.cxd6 Red8 36.Bd2 Kg7
37.Bb4 Rac8 38.Re1 Bc2 39.Bxb5 Be4 40.d7 Rb8 41.Ba5 Rh8 42.a4 Bf3 43.Re3 g4
44.Bc7 Rbg8 45.a5 Kf7 46.a6 Ke7 47.a7 Ra8 48.Ra3  1-0

[Event "White Nights Open"]
[Site "St Petersburg RUS"]
[Date "2000.06.23"]
[Round "1"]
[White "Groenn,A"]
[Black "Khatenever,F"]
[Result "1-0"]
[WhiteElo "2362"]
[BlackElo "2125"]

1.Nf3 d5 2.c4 c6 3.d4 e6 4.Qc2 Nf6 5.Nbd2 Nbd7 6.g3 g6 7.Bg2 Bg7 8.O-O O-O
9.Rd1 Re8 10.e4 dxe4 11.Nxe4 Nxe4 12.Qxe4 Nf6 13.Qh4 Nh5 14.Bg5 f6 15.Be3 f5
16.Qxd8 Rxd8 17.Ne5 Nf6 18.Rab1 Bd7 19.Bg5 Be8 20.f4 Rac8 21.Kf2 Rc7 22.h3 Rdc8
23.g4 h6 24.Bh4 Kh7 25.Rbc1 Nd7 26.Nf3 Bf7 27.b3 Bf6 28.Bxf6 Nxf6 29.Ne5 Rd8
30.g5 Nh5 31.Ke3 hxg5 32.fxg5 Re7 33.b4 Be8 34.Rd3 Kg8 35.Rf1 Bf7 36.Ra3 a6
37.Rf3 Be8 38.Rf2 Rh7 39.Rd3 Ng3 40.Kf4 Nh5+ 41.Kf3 Ng7 42.Kg3 Nh5+ 43.Kh2 Rc7
44.Bf1 b6 45.Be2 Ng7 46.Bf3 Kf8 47.Rfd2 Ke7 48.Ra3 c5 49.Rxa6 Rd6 50.b5 cxd4
51.Bc6 Bxc6 52.bxc6 Rd8 53.Nxg6+ Ke8 54.Rxb6 f4 55.Nxf4 Re7 56.Ng6 Rf7 57.Ne5 Ra7
58.Rb7 Rda8 59.Rdb2 Nf5 60.Rxa7 Rxa7 61.Rb8+ Ke7 62.Rb7+ Kd6 63.Rxa7  1-0

[Event "zt 1.4"]
[Site "Budapest HUN"]
[Date "2000.06.24"]
[Round "8"]
[White "Socko,B"]
[Black "Balogh,T"]
[Result "1-0"]
[WhiteElo "2556"]
[BlackElo "2433"]

1.Nf3 d5 2.c4 c6 3.e3 Nf6 4.b3 Bf5 5.Bb2 e6 6.Nc3 h6 7.Be2 Be7 8.O-O O-O
9.d3 a5 10.Nd4 Bh7 11.f4 dxc4 12.bxc4 Nbd7 13.Kh1 Nc5 14.Rb1 Nfd7 15.Nf3 Qc7
16.Qd2 a4 17.e4 Rfd8 18.Qe3 a3 19.Ba1 Na4 20.d4 Nf6 21.Nd2 Qd7 22.Nxa4 Rxa4
23.Bd3 Qc7 24.Rb3 Bb4 25.Nf3 c5 26.d5 Ng4 27.Qc1 exd5 28.cxd5 Qe7 29.e5 Rxd5
30.Bxh7+ Kxh7 31.h3 f5 32.Qc2  1-0

[Event "Rapid Tournament g/30"]
[Site "Herford GER"]
[Date "2000.06.25"]
[Round "10"]
[White "Fridman,D"]
[Black "Prang,E"]
[Result "1-0"]
[WhiteElo "2539"]
[BlackElo "2242"]

1.Nf3 d5 2.c4 e6 3.g3 Nf6 4.Bg2 Be7 5.O-O O-O 6.d4 b6 7.Nc3 Bb7 8.Ne5 Na6
9.cxd5 exd5 10.Bg5 Ne4 11.Bxe7 Qxe7 12.Nxe4 dxe4 13.Qb1 f6 14.Ng4 Rfd8 15.Ne3 g6
16.Rd1 f5 17.a3 c5 18.dxc5 Nxc5 19.b4 Ne6 20.Qa2 Qf7 21.Bf1 Nd4 22.Qxf7+ Kxf7
23.Rac1 Ne6 24.Nc4 Ke7 25.Ne5 Rxd1 26.Rxd1 Rd8 27.Rxd8 Nxd8 28.f4 exf3 29.exf3 Nc6
30.Nxc6+ Bxc6 31.Kf2 h6 32.Ke3 g5 33.Bd3 Ke6 34.f4 g4 35.Kd4 Bb7 36.Bb1 Bc6
37.Bc2 Bb7 38.Bd3 Bc6 39.Ba6 Be4 40.Be2 Bd5 41.a4 Be4 42.a5 Kd6 43.Bxg4 bxa5
44.bxa5 Bb1 45.Be2 Ba2 46.Bc4 Bb1 47.h3 Kc6 48.g4 fxg4 49.hxg4 Kd6 50.g5 hxg5
51.fxg5 Bg6 52.Bd5 Be8 53.Be4 Ke6 54.Kc5 Ke5 55.Bh7 Ba4 56.Bd3 Be8 57.Bc2 Bd7
58.Bb1 Be8 59.Bd3 Bd7 60.g6 Kf6 61.Kd6 Ba4 62.Kc7 Bb3 63.Kb7 Ke5 64.Kxa7 Kd4
65.Bb1 Kc5 66.a6 Bd5 67.g7 Kd6 68.Bh7 Kc7 69.g8=Q Bxg8 70.Bxg8 Kc6 71.Kb8 Kd6
72.a7 Ke7 73.a8=Q Kd6 74.Qd5+ Ke7 75.Qf7+ Kd6 76.Qd5+ Ke7 77.Bh7 Kf6 78.Bd3 Ke7
79.Qc6 Kf7 80.Kc8 Kg7 81.Kd8 Kf7 82.Qg6+ Kf8 83.Kc7 Ke7 84.Bc4 Kf8 85.Qf7+  1-0

[Event "XVIII Open"]
[Site "Andorra AND"]
[Date "2000.06.29"]
[Round "6"]
[White "Lalic,B"]
[Black "Velicka,P"]
[Result "1/2-1/2"]
[WhiteElo "2548"]
[BlackElo "2458"]

1.Nf3 d5 2.c4 c6 3.e3 Nf6 4.Nc3 Bg4 5.Qb3 Qb6 6.Ne5 Be6 7.d4 Nbd7 8.Nxd7 Bxd7
9.Na4 Qc7 10.Nc5 Bc8 11.cxd5 Nxd5 12.e4 Nf6 13.f3 e5 14.Be3  1/2-1/2